Sachin born to bat : (Record no. 87338)

MARC details
000 -LEADER
fixed length control field 00784nam a22002057a 4500
005 - DATE AND TIME OF LATEST TRANSACTION
control field 20140822130330.0
010 ## - LCCN (DPL NO)
LC control number ENG-110538
020 ## - INTERNATIONAL STANDARD BOOK NUMBER
International Standard Book Number 9788184953008
Terms of availability 450.00
035 ## - SYSTEM CONTROL NUMBER
System control number EN-94070
037 ## - SOURCE OF ACQUISITION
Source of stock number/acquisition DBAD/PUB
082 ## - DEWEY DECIMAL CLASSIFICATION NUMBER
Classification number 796.358092
100 ## - MAIN ENTRY--PERSONAL NAME
Personal name Ansari, Khalid A.H.
245 ## - TITLE STATEMENT
Title Sachin born to bat :
Statement of responsibility, etc Khalid A-H Ansari ; edited by Clayton Murzello ; introduction by Sachin Tendulkar
Remainder of title the journey of cricket’s ultimate centurion /
260 ## - PUBLICATION, DISTRIBUTION, ETC. (IMPRINT)
Place of publication, distribution, etc Mumbai
Name of publisher, distributor, etc Jaico Publishiong House
Date of publication, distribution, etc 2012
270 ## - ADDRESS
Address A-2 Jash Chambers, 7-A Sir Phirozshah Mehta Road Fort
City Mumbai
Postal code 400001
300 ## - PHYSICAL DESCRIPTION
Extent 199p. :
Other physical details ill.(chiefly col.)
Dimensions 24cm(pbk)
600 ## - SUBJECT ADDED ENTRY--PERSONAL NAME
Personal name Tendulkar, Sachin,
Dates associated with a name 1973-
650 ## - SUBJECT ADDED ENTRY--TOPICAL TERM
Topical term or geographic name as entry element Cricket players
Geographic subdivision India
Form subdivision Biography.
942 ## - ADDED ENTRY ELEMENTS (KOHA)
Source of classification or shelving scheme Dewey Decimal Classification
Item type English Books
Call number suffix ANS
Classification part 796.358092
Holdings
Withdrawn status Lost status Not for loan Collection code Home library Current library Date acquired Source of acquisition Cost, normal purchase price Full call number Barcode Copy number Cost, replacement price Koha item type
    Not For Loan Non-fiction D.B.Act.Division D.B.Act.Division 22/07/2014 DBAD/PUB 450.00 796.358092 ANS EN-94070 1 450.00 English Books

© Delhi Public Library
Hit Counter
free hit counter